All 50k U.S. Cities on a Map by Letter - V - Statistics

General Stats
  • This quiz has been taken 2,070 times
  • The average score is 6 of 11
Answers on the Map
Answers color-coded by a green-red scale on the quiz's map according to % correct below.
 
Answer Stats
Population State City % Correct
453,649 VA Virginia Beach
97%
196,442 WA Vancouver
81%
144,998 CA Visalia
55%
109,058 CA Ventura
53%
65,800 TX Victoria
53%
55,025 GA Valdosta
52%
122,807 CA Vallejo
52%
138,869 CA Victorville
51%
102,526 CA Vacaville
44%
60,797 NJ Vineland
42%
98,344 CA Vista
34%
No matching quizzes found
Score Distribution
Percent of People with Each Score
Percentile by Number Answered
Your Score History
You have not taken this quiz